| 000 | 00662nam a2200193 i 4500 | ||
|---|---|---|---|
| 001 | 100460 | ||
| 003 | ES-MaACL | ||
| 005 | 20230906182659.0 | ||
| 007 | t| | ||
| 008 | 050928s1924 xxk ||||1| eng d | ||
| 100 | 1 |
_aMasefield, John. _978701 |
|
| 245 | 1 | 0 |
_aOn the Spanish main _b: or some english forays on the isthmus of Darien with a description of the buccaners and a short account of old time ships and sailors / _cby John Masefield. |
| 250 | _a3ª ed. | ||
| 260 |
_aLondon : _bMethnen and Cº, _c1924. |
||
| 300 |
_aXII, 298 p. ; _c20 cm. |
||
| 600 | 1 | 4 |
_aDrake, Francis. _945578 |
| 650 | 4 |
_aPiratas- _xHistoria. _9164236 |
|
| 852 | 4 |
_aES-MaACL _jB-6268 |
|
| 999 |
_c100460 _d100460 |
||